[Event "Barcelona op rap"]
[Site "Barcelona"]
[Date "1996.12.14"]
[Round "3"]
[White "Boldu Barbera, Jorge"]
[Black "Crespo Borrego, Francisco"]
[Result "0-1"]
[WhiteElo "1900"]
[BlackElo "2105"]
[PlyCount "75"]
[EventDate "1996.12.??"]
[EventType "swiss (rapid)"]
[EventRounds "8"]
[EventCountry "ESP"]
[SourceTitle "EXT 2001"]
[Source "ChessBase"]
[SourceDate "2000.11.22"]
[SourceVersion "1"]
[SourceVersionDate "2000.11.22"]
[SourceQuality "1"]

1. e4 c5 2. d4 cxd4 3. c3 d3 4. Bxd3 d6 5. c4 Nc6 6. Nc3 Nf6 7. h3 g6 8. Be3 Bg7 9. f4 Nh5 10. Nge2 e5 11. g4 Nxf4 12. Nxf4 exf4 13. Bf2 0-0 14. Qd2 Ne5 15. 0-0-0 Bh6 16. Kb1 a6 17. Bf1 Be6 18. Nd5 Rc8 19. Bb6 Qh4 20. Bf2 Qd8 21. b3 Rc6 22. Nb4 Rc8 23. Qxd6 Qxd6 24. Rxd6 Rfd8 25. Rxd8+ Rxd8 26. Nd5 Bxd5 27. exd5 f3 28. Bd4 Bf4 29. Bxe5 Bxe5 30. Bd3 Bd4 31. Re1 Kf8 32. Kc2 Re8 33. Rxe8+ Kxe8 34. b4 Ke7 35. c5 f2 36. a4 h6 37. Bf1 h5 38. Kd3 0-1